000
00295nam a22001337a 4500
008
180928b xxu||||| |||| 00| 0 eng d
020
_a
9780534070502
041
_a
eng
080
_a
330.722.6
100
_a
62
101
_a
KM
245
_a
Management accounting
_c
Wolk,H.I
942
_2
udc
_c
BK
999
_c
48687
_d
48687